Minecraft Mobs that do damage - Statistics

General Stats
  • This quiz has been taken 75 times
  • The average score is 16 of 21
Answer Stats
Hint Answer % Correct
Explodes Creeper
100%
Potions Witch
98%
Shoots BIG fireball Ghast
94%
Shoots from afar Skeleton
94%
Made by 3 skulls Wither
94%
Can teleport Enderman
92%
Flying thing in the End Ender Dragon
90%
Shoots fireballs Blaze
82%
Has a BIG fork Drowned
81%
Can fly through walls Vex
77%
Not sleeping for 3+ days Phantom
76%
Found in Villages Iron Golem
74%
Shoots in the nether and stabs Piglin
73%
Once a villager, now a ______ Zombie Villager
69%
Shoots from afar (village) PIllager
68%
Gives you mining fatigue Elder Guardian
65%
Gets big and poisons you Pufferfish
63%
Lives in the Ocean & Neutral Dolphin
60%
Shoots from afar (snow) Stray
55%
Summons Vexes Evoker
53%
Found in Fortresses Wither Skeletons
15%
No matching quizzes found
Score Distribution
Percent of People with Each Score
Percentile by Number Answered
Your Score History
You have not taken this quiz